Months of the Year in German - Statistics

General Stats
  • This quiz has been taken 44 times
  • The average score is 11 of 12
Answer Stats
English German % Correct
January Januar
97%
April April
94%
July Juli
94%
June Juni
94%
August August
91%
February Februar
91%
November November
91%
October Oktober
91%
September September
91%
March März
84%
May May
84%
December Dezember
75%
No matching quizzes found
Score Distribution
Percent of People with Each Score
Percentile by Number Answered
Your Score History
You have not taken this quiz